000 00550nam a2200205Ia 4500
005 20250923150051.0
008 008 250917s9999 xx 000 0 eng d
037 _aTextual
040 _aDSWL
_beng
_cDSWL
041 _aeng
_2eng
084 _aY:1, N99
_qDSWL
100 _aBauman, Zygmunt
_9841846
245 0 _aCulture as praxis
_c by Zygmunt Bauman
260 _aLondon
_bSage Publications
_c1999
300 _a148p.
365 _aINR
_b1168.9
925 _g1168.9
942 _cTEXL
_hY:1, N99
999 _c1459179
_d1459179